История войны на море в ее важнейших проявлениях с точки зрения морской тактики. Ч.4, [вып.1]: С 1720 г. по 1850 г. (Запись № 13492040)

Подробности
000 -МАРКЕР
контрольное поле 01207nam2a22002531 4500
001 - ИДЕНТИФИКАТОР ЗАПИСИ
контрольное поле RU\NLR\A1SV\142092
005 - ИДЕНТИФИКАТОР ВЕРСИИ
контрольное поле 20251214192641.0
035 ## - ДРУГИЕ СИСТЕМНЫЕ НОМЕРА
Идентификатор записи (NLR Aleph) 010841809
100 ## - ДАННЫЕ ОБЩЕЙ ОБРАБОТКИ
Данные общей обработки 20150910d1918 u y0rusy50 ca
101 1# - ЯЗЫК РЕСУРСА
Язык текста, звукозаписи и т.д. русский
Язык оригинала немецкий
200 1# - ЗАГЛАВИЕ И СВЕДЕНИЯ ОБ ОТВЕТСТВЕННОСТИ
Основное заглавие С 1720 г. по 1850 г.
Сведения, относящиеся к заглавию С 1 портр. и 27 карт. и план.
-- Изд. на нем. яз. в 1911 г.
Первые сведения об ответственности [Пер. С.А.Геппенера]
210 ## - ПУБЛИКАЦИЯ, РАСПРОСТРАНЕНИЕ И ДР.
Имя издателя, распространителя и т. д. Десятая гос. тип. в Гл. Адмиралтействе
Дата издания, распространения и т.д. 1918
215 ## - ФИЗИЧЕСКАЯ ХАРАКТЕРИСТИКА
Специфическое обозначение материала и объем [6], 163 с.
225 ## - СЕРИЯ
Основное заглавие серии ...
Обозначение тома № 7
300 ## - ОБЩИЕ ПРИМЕЧАНИЯ
Текст примечания Беспл. прил. к: Мор. сб. № 12
461 #1 - УРОВЕНЬ НАБОРА
Встроенное поле 001RU\NLR\A1SV\142090
-- 2000#$vЧ.4, [вып.1]
Системный номер (АБИС) связанной записи 10331352
Автор Штенцель, А. (1832-1906)
Место публикации Пг.
Дата публикации 1918-1919
Первые сведения об ответственности [Соч.] Альфреда Штенцеля
Имя издателя, распространителя и т.д. Тип. Мор. м-ва в Гл. Адмиралтействе
Заглавие История войны на море в ее важнейших проявлениях с точки зрения морской тактики
Номер тома Ч.4, [вып.1]
702 #1 - ИМЯ ЛИЦА - ВТОРИЧНАЯ ОТВЕТСТВЕННОСТЬ
Начальный элемент ввода Геппенер
Часть имени, кроме начального элемента ввода С.А.
801 #0 - ИСТОЧНИК ЗАПИСИ
Страна Российская Федерация
Организация NLR
Дата составления 20150910
852 ## - МЕСТОНАХОЖДЕНИЕ И ШИФР ХРАНЕНИЯ
Идентификатор организации NLR
Шифр хранения (Call Number) 17.135.4.38-4
942 ## - ДОПОЛНИТЕЛЬНЫЕ ЭЛЕМЕНТЫ ЗАПИСИ (АБИС)
Тип экземпляра АБИС Книга
980 ## - КОЛЛЕКЦИЯ
Название коллекции Международный сводный каталог русской книги (1918-1926)
980 ## - КОЛЛЕКЦИЯ
Название коллекции Национальная библиография

Нет доступных экземпляров.